Метаболические и термогенные свойства подкожной белой жировой ткани природных и лабораторных грызунов; Перспективы развития фундаментальных наук; Т. 4 : Биология и фундаментальная медицина
| Parent link: | Перспективы развития фундаментальных наук=Prospects of Fundamental Sciences Development: сборник научных трудов XV Международной конференции студентов, аспирантов и молодых ученых, г. Томск, 24-27 апреля 2018 г./ Национальный исследовательский Томский политехнический университет (ТПУ) ; под ред. И. А. Курзиной, Г. А. Вороновой.— , 2018 Т. 4 : Биология и фундаментальная медицина.— 2018.— [С. 128-130] |
|---|---|
| Main Author: | |
| Corporate Author: | |
| Other Authors: | , |
| Summary: | Заглавие с экрана For the first time biochemical analysis of inguinal adipose tissue of korean mouse (Apodemus peninsulae) and short-tailed vole (Microtus agrestis) have performed. Expression of uncoupling protein UCP1 in inguinal fat was combined with high metabolic and oxidative activity of this fat depot in wild rodents, in comparison with laboratory mice. Studies of the adipose tissues in animals from natural populations can be useful for the elucidating of the physiological norm of their functioning and for the development of regimes for the prevention and correction of metabolic disorders. |
| Language: | Russian |
| Published: |
2018
|
| Subjects: | |
| Online Access: | http://earchive.tpu.ru/handle/11683/50909 |
| Format: | Electronic Book Chapter |
| KOHA link: | https://koha.lib.tpu.ru/cgi-bin/koha/opac-detail.pl?biblionumber=627672 |
MARC
| LEADER | 00000naa2a2200000 4500 | ||
|---|---|---|---|
| 001 | 627672 | ||
| 005 | 20231101133455.0 | ||
| 035 | |a (RuTPU)RU\TPU\conf\27627 | ||
| 035 | |a RU\TPU\conf\27620 | ||
| 090 | |a 627672 | ||
| 100 | |a 20180919d2018 k y0rusy50 ca | ||
| 101 | 0 | |a rus |d eng | |
| 102 | |a RU | ||
| 105 | |a y z 100zy | ||
| 135 | |a drgn ---uucaa | ||
| 181 | 0 | |a i | |
| 182 | 0 | |a b | |
| 200 | 1 | |a Метаболические и термогенные свойства подкожной белой жировой ткани природных и лабораторных грызунов |d Metabolic and thermogenic properties of the subcutaneous white adipose tissue of wild and laboratory rodents |f К. И. Расторгуева, Н. А. Гурков |g науч. рук. Е. И. Елсукова | |
| 203 | |a Текст |c электронный | ||
| 230 | |a 1 компьютерный файл (pdf; 185 Kb) | ||
| 300 | |a Заглавие с экрана | ||
| 320 | |a [Библиогр.: с. 130 (8 назв.)] | ||
| 330 | |a For the first time biochemical analysis of inguinal adipose tissue of korean mouse (Apodemus peninsulae) and short-tailed vole (Microtus agrestis) have performed. Expression of uncoupling protein UCP1 in inguinal fat was combined with high metabolic and oxidative activity of this fat depot in wild rodents, in comparison with laboratory mice. Studies of the adipose tissues in animals from natural populations can be useful for the elucidating of the physiological norm of their functioning and for the development of regimes for the prevention and correction of metabolic disorders. | ||
| 461 | 1 | |0 (RuTPU)RU\TPU\conf\26928 |t Перспективы развития фундаментальных наук |l Prospects of Fundamental Sciences Development |o сборник научных трудов XV Международной конференции студентов, аспирантов и молодых ученых, г. Томск, 24-27 апреля 2018 г. |o в 7 т. |f Национальный исследовательский Томский политехнический университет (ТПУ) ; под ред. И. А. Курзиной, Г. А. Вороновой |d 2018 | |
| 463 | 1 | |0 (RuTPU)RU\TPU\conf\26932 |t Т. 4 : Биология и фундаментальная медицина |v [С. 128-130] |d 2018 | |
| 510 | 1 | |a Metabolic and thermogenic properties of the subcutaneous white adipose tissue of wild and laboratory rodents |z eng | |
| 610 | 1 | |a электронный ресурс | |
| 610 | 1 | |a свойства | |
| 610 | 1 | |a жировые ткани | |
| 610 | 1 | |a грызуны | |
| 610 | 1 | |a физиология | |
| 610 | 1 | |a биохимический анализ | |
| 610 | 1 | |a природные популяции | |
| 610 | 1 | |a обмен веществ | |
| 700 | 1 | |a Расторгуева |b К. И. | |
| 701 | 1 | |a Гурков |b Н. А. | |
| 702 | 1 | |a Елсукова |b Е. И. |4 727 | |
| 712 | 0 | 2 | |a Красноярский государственный педагогический университет им. В. П. Астафьева (КГПУ) |c (1993- ) |2 stltpush |3 (RuTPU)RU\TPU\col\2101 |
| 801 | 2 | |a RU |b 63413507 |c 20181008 |g RCR | |
| 856 | 4 | |u http://earchive.tpu.ru/handle/11683/50909 | |
| 942 | |c BK | ||